| 000 | 01601cam a22003734a 4500 | ||
|---|---|---|---|
| 999 |
_c41761 _d41761 |
||
| 001 | 15564130 | ||
| 003 | OSt | ||
| 005 | 20221108143231.0 | ||
| 008 | 081216s2009 enkabf b 001 0 eng | ||
| 010 | _a 2008054301 | ||
| 015 |
_aGBA925177 _2bnb |
||
| 016 | 7 |
_a014926388 _2Uk |
|
| 020 | _a9780521877121 (hbk.) | ||
| 020 | _a0521877121 (hbk.) | ||
| 020 | _a9780521700733 (pbk.) | ||
| 020 | _a0521700736 (pbk.) | ||
| 035 | _a(OCoLC)ocn286432769 | ||
| 040 |
_aDNAL/DLC _cDLC _dBTCTA _dYDXCP _dUKM _dBWKUK _dBWK _dCDX _dMUQ _dPUL _dDLC |
||
| 042 | _apcc | ||
| 050 | 0 | 0 |
_aQK533 _b.I57 2009 |
| 070 | 0 |
_aQK533 _b.I57 2009 |
|
| 082 | 0 | 0 |
_a588 _222 _bVAN/I |
| 245 | 0 | 0 |
_aIntroduction to bryophytes / _cedited by Alain Vanderpoorten and Bernard Goffinet. |
| 260 |
_aCambridge, UK ; _aNew York : _bCambridge University Press, _c2009. |
||
| 300 |
_aviii, 303 p., [14] p. of plates : _bcol. ill., maps ; _c26 cm. |
||
| 504 | _aIncludes bibliographical references (p. 267-293) and index. | ||
| 505 | 0 | _aEvolutionary significance of bryophytes -- Ecological significance of bryophytes -- Liverworts -- Mosses -- Hornworts -- Biogeography -- Ecology -- Physiological ecology -- Bryophytes in a changing world -- Conservation biology. | |
| 650 | 0 | _aBryophytes. | |
| 700 | 1 |
_aVanderpoorten, Alain _99277 |
|
| 700 | 1 | _aGoffinet, Bernard. | |
| 906 |
_a7 _bcbc _corignew _d1 _eecip _f20 _gy-gencatlg |
||
| 942 |
_2ddc _cBK _h588 _iVAN/I _k588 _mVAN/I |
||